Which Spiderman Was It? - Statistics

General Stats
  • This quiz has been taken 763 times
  • The average score is 12 of 15
Answer Stats
Question Answer % Correct
Which Spiderman couldn't save their girlfriend? Andrew Garfield
99%
Which Spiderman was an Avenger? Tom Holland
98%
Which Spiderman's webs are organic? Tobey Maguire
96%
Which Spiderman was first? Tobey Maguire
94%
Which Spiderman works with Miles Morales? Yuri Lowenthal
92%
Which Spiderman wore the most suits? (not including video game suits) Tom Holland
88%
Which Spiderman fought both Harry and Norman Osborne? Tobey Maguire
84%
Which Spiderman has fought Kraven The Hunter? Yuri Lowenthal
84%
Which Spiderman is the oldest? Tobey Maguire
83%
Which Spiderman doesn't have an Uncle Ben? Tom Holland
81%
Which Spiderman fought Scorpion? Yuri Lowenthal
76%
Which Spiderman met both Mary Jane and Gwen Stacy? Tobey Maguire
71%
Which live action Spiderman has the least amount of solo projects? Andrew Garfield
64%
Which Spiderman has the least amount of supervillains in their respective universes? Andrew Garfield
58%
Which Spiderman has the most amount of appearances in games/movies? Tom Holland
51%
No matching quizzes found
Score Distribution
Percent of People with Each Score
Percentile by Number Answered
Your Score History
You have not taken this quiz